<?xml version="1.0" encoding="UTF-8"?>
<record
    xmlns:xsi="http://www.w3.org/2001/XMLSchema-instance"
    xsi:schemaLocation="http://www.loc.gov/MARC21/slim http://www.loc.gov/standards/marcxml/schema/MARC21slim.xsd"
    xmlns="http://www.loc.gov/MARC21/slim">

  <leader>00852nam0a22002531  4500</leader>
  <controlfield tag="001">rc\891917</controlfield>
  <controlfield tag="005">20250622032721.0</controlfield>
  <datafield tag="035" ind1=" " ind2=" ">
    <subfield code="a">(NLR Aleph) 006068347</subfield>
  </datafield>
  <datafield tag="090" ind1=" " ind2=" ">
    <subfield code="a">4977925</subfield>
    <subfield code="c">4977925</subfield>
  </datafield>
  <datafield tag="100" ind1=" " ind2=" ">
    <subfield code="a">20041129d1983    |||y0rusy50      ca</subfield>
  </datafield>
  <datafield tag="101" ind1="0" ind2=" ">
    <subfield code="a">rus</subfield>
    <subfield code="a">lit</subfield>
  </datafield>
  <datafield tag="102" ind1=" " ind2=" ">
    <subfield code="a">RU</subfield>
  </datafield>
  <datafield tag="105" ind1=" " ind2=" ">
    <subfield code="a">a   |||||||||</subfield>
  </datafield>
  <datafield tag="200" ind1="1" ind2=" ">
    <subfield code="a">&#x41A;&#x430;&#x443;&#x43D;&#x430;&#x441;&#x441;&#x43A;&#x438;&#x439; &#x43C;&#x44F;&#x441;&#x43E;&#x43A;&#x43E;&#x43C;&#x431;&#x438;&#x43D;&#x430;&#x442;</subfield>
    <subfield code="e">[&#x424;&#x43E;&#x442;&#x43E;&#x430;&#x43B;&#x44C;&#x431;&#x43E;&#x43C;]</subfield>
    <subfield code="f">[&#x424;&#x43E;&#x442;. &#x420;. &#x414;&#x430;&#x443;&#x43D;&#x43E;&#x440;&#x430;&#x441;&#x430;</subfield>
    <subfield code="g">&#x421;&#x43E;&#x441;&#x442;. &#x420;. &#x416;&#x44F;&#x43C;&#x430;&#x439;&#x442;&#x438;&#x441;]</subfield>
  </datafield>
  <datafield tag="210" ind1=" " ind2=" ">
    <subfield code="a">&#x41A;&#x430;&#x443;&#x43D;&#x430;&#x441;</subfield>
    <subfield code="c">&#x428;&#x432;&#x438;&#x435;&#x441;&#x430;</subfield>
    <subfield code="d">1983</subfield>
  </datafield>
  <datafield tag="215" ind1=" " ind2=" ">
    <subfield code="a">[21] &#x441;.</subfield>
    <subfield code="c">&#x446;&#x432;. &#x438;&#x43B;.</subfield>
    <subfield code="d">20&#x445;24</subfield>
  </datafield>
  <datafield tag="300" ind1=" " ind2=" ">
    <subfield code="a">&#x41F;&#x430;&#x440;&#x430;&#x43B;. &#x437;&#x430;&#x433;&#x43B;. &#x43D;&#x430; &#x43B;&#x438;&#x442;. &#x44F;&#x437;.</subfield>
  </datafield>
  <datafield tag="300" ind1=" " ind2=" ">
    <subfield code="a">&#x422;&#x435;&#x43A;&#x441;&#x442; &#x43F;&#x430;&#x440;&#x430;&#x43B;. &#x43D;&#x430; &#x440;&#x443;&#x441;. &#x438; &#x43B;&#x438;&#x442;. &#x44F;&#x437;.</subfield>
  </datafield>
  <datafield tag="702" ind1=" " ind2="1">
    <subfield code="a">&#x416;&#x44F;&#x43C;&#x430;&#x439;&#x442;&#x438;&#x441;</subfield>
    <subfield code="b">&#x420;.</subfield>
    <subfield code="g">&#x420;&#x43E;&#x43C;&#x430;&#x441;</subfield>
    <subfield code="4">220</subfield>
  </datafield>
  <datafield tag="801" ind1=" " ind2="0">
    <subfield code="a">RU</subfield>
    <subfield code="b">NLR</subfield>
    <subfield code="g">psbo</subfield>
  </datafield>
  <datafield tag="801" ind1=" " ind2="1">
    <subfield code="a">RU</subfield>
    <subfield code="b">ELAR</subfield>
    <subfield code="2">rusmarc</subfield>
  </datafield>
  <datafield tag="852" ind1=" " ind2=" ">
    <subfield code="a">NLR</subfield>
    <subfield code="b">&#x42D;</subfield>
    <subfield code="j">&#x410;&#x43B;&#x422;63/2-&#x41A;300</subfield>
  </datafield>
  <datafield tag="942" ind1=" " ind2=" ">
    <subfield code="c">BOOK</subfield>
  </datafield>
  <datafield tag="980" ind1=" " ind2=" ">
    <subfield code="a">NB</subfield>
  </datafield>
  <datafield tag="995" ind1=" " ind2=" ">
    <subfield code="5">2013-10-26</subfield>
    <subfield code="b">NLR02</subfield>
    <subfield code="c">NLR02</subfield>
    <subfield code="e">EST</subfield>
    <subfield code="f">6068347-10</subfield>
    <subfield code="k">&#x42D; &#x410;&#x43B;&#x422;63/2-&#x41A;300</subfield>
    <subfield code="o">0</subfield>
    <subfield code="r">BOOK</subfield>
    <subfield code="s">_632300</subfield>
  </datafield>
</record>
